000 00707nam a2200241 i 4500
001 000038722
003 DO-SdBNP
005 20240826103022.0
007 ta
008 130419s1955 xxu 000 0 spa d
040 _aDO-SdBNP
_bspa
_cBNPHU
_erda
082 4 _222
100 1 _aWhite, Elena G. de,
_952945
_eautor
245 1 3 _aEl deseado de todas las gentes /
_cElena G. de White.
264 _aEstados Unidos :
_bPublicaciones Interamericanas,
_c1955.
300 _a812 páginas ;
_c20 cm.
336 _2rdacontent
_atexto
_btxt
337 _2rdamedia
_asin mediación
_bn
338 _2rdacarrier
_avolumen
_bnc
500 _aIncluye índice
500 _aPublicado en 17 idiomas
942 _2ddc
_cLBS1
999 _c38212
_d38212